000
00185nam a2200085Ia 4500
008
120527s9999 xx 000 0 und d
100
_a
Ludmener
245
_a
Learning to heal
942
_c
BK
999
_c
27755
_d
27755